000 00425nam a2200145Ia 4500
008 090124s9999 xx 000 0 und d
082 _b400346
245 _a राक्षसाची पेटी
250 _a1
260 _bमहाजन जगन्नाथ
_c1979
300 _a32
630 _a राक्षसाची पेटी
730 _a राक्षसाची पेटी
942 _cBOOK
999 _c196267
_d196267